00501nam a22001577a 450000500170000001000150001702000260003203500140005803700090007208200080008124500760008925000060016526000290017127001200020030000230032020250401115324.0 aENG-144334 a9788193900109c160.00 aEN-127866 bDBAD a921 aIndian Diaspora:bTheory,Text and Criticism/cEdited by Rohidas Dhakane a1 aPunebSnehavardhanc2018 a863, Sadashiv Peth, Behind Mahatma Phule SabhagruhbPunee411030k020-24472549k020-24436961msneha1tawre@gmail.com a140p. c21cm (pb)